LIBRARY ONLINE CATALOGUE

Review of Digital Communication (Record no. 17360)

MARC details
000 -LEADER
fixed length control field 00448nam a22001457a 4500
008 - FIXED-LENGTH DATA ELEMENTS--GENERAL INFORMATION
fixed length control field 181030b xxu||||| |||| 00| 0 eng d
020 ## - INTERNATIONAL STANDARD BOOK NUMBER
International Standard Book Number 8122434118
050 ## - LIBRARY OF CONGRESS CALL NUMBER
Classification number TK5103.7
Item number .D37 2013 c.1
100 ## - MAIN ENTRY--PERSONAL NAME
Personal name Das, J.
245 ## - TITLE STATEMENT
Title Review of Digital Communication
Remainder of title State of the art in digital signalling, digital switching and data networks
Statement of responsibility, etc. J Das
250 ## - EDITION STATEMENT
Edition statement 2nd ed.
260 ## - PUBLICATION, DISTRIBUTION, ETC. (IMPRINT)
Place of publication, distribution, etc. New Delhi
Name of publisher, distributor, etc. New Age
Date of publication, distribution, etc. 2013
300 ## - PHYSICAL DESCRIPTION
Extent xiv, 563p.
942 ## - ADDED ENTRY ELEMENTS (KOHA)
Source of classification or shelving scheme Library of Congress Classification
Koha item type General Collection
Holdings
Withdrawn status Lost status Source of classification or shelving scheme Not for loan Home library Current library Date acquired Cost, normal purchase price Total Checkouts Full call number Barcode Date last seen Price effective from Koha item type
    Library of Congress Classification   Kabarak, Main Campus Kabarak, Main Campus 30/10/2018 3000.00   TK5103.7 .D37 2013 c.1 024356 30/10/2018 30/10/2018 General Collection